000 01257ngm a22002530a 4500
001 PT35336
003 AR-LpoUNG
005 20210202000443.0
007 vd cvaizq
008 191001s2000||||ag |||||||||||||||||spa d
040 _aAR-LpoUNG
_bspa
_cAR-LpoUNG
_eaacr
041 _aspa
044 _aag
082 0 _a808.7 744arm
100 1 _aMonicelli, Mario
_edir.
245 1 3 _aLa Armada Brancaleone
260 _aBuenos Aires :
_bVideoteca Página 30,
_c[2000].
300 _aVHS (114 min.) : son., col.
520 _aEn una Edad Media revisada en clave cómica y no convencional se desarrollan las aventuras picarescas de un desparejo grupo de caballeros. A las órdenes de un quijotesco y fanfarrón Brancaleone de Norcia, interpretado por un extraordinario Vittorio Gassman, recorren la península pasando de una peripecia a otra. Monicelli maneja una divertida y popular relectura del género caballeresco poniendo en escena todos los temas: desde las escaramuzas con los bandoleros, los enredos y las aventuras galantes y picarescas. La mezcla de lenguajes, entre lo vulgar pleno de matices y un latín macarrónico, resulta decisivamente eficaz y divertido.
653 _aCOMEDIA
653 _aVIDEOS
905 _a35336
942 _cVIDEO
999 _c54873
_d54873